| 000 | 00577cam a2200229ua 4500 | ||
|---|---|---|---|
| 020 | _cRs.5/- | ||
| 041 |
_aeng _h |
||
| 082 |
_a530 _bOUS/TE |
||
| 100 | _aOuseph, C.C . | ||
| 245 |
_aText book of practical physics for the degree classes-Part I / _cC.C.Ouseph. _hTextual Documents |
||
| 250 |
_a1 / _b. |
||
| 260 |
_aChennai : _bS.Viswanathan , _c1965. |
||
| 300 | _a285 ; . | ||
| 365 | _aRs.5/- | ||
| 504 | _a | ||
| 700 | 1 | _aDevassy, C.P . | |
| 700 | 1 | _aThomas, S.L . | |
| 942 | _cBK | ||
| 999 |
_c191 _d191 |
||